| Tag |
First Indicator |
Second Indicator |
Subfields |
| LEADER |
00000cam a2200000 a 4500 |
| 001 |
in00001007921 |
| 005 |
20150927215220.0 |
| 008 |
900522s1991 azuab b s00110 eng |
| 010 |
|
|
|a 90039777
|
| 020 |
|
|
|a 0816512043 (alk. paper)
|
| 035 |
|
|
|a (OCoLC)21875899
|
| 035 |
|
|
|9 AFD5857AM
|
| 040 |
|
|
|a DLC
|c DLC
|d TXA
|d UtOrBLW
|
| 043 |
|
|
|a n-us-az
|
| 049 |
|
|
|a TXAS [dyks]
|
| 050 |
0 |
0 |
|a GF504.A6
|b B34 1991
|
| 082 |
0 |
0 |
|a 581.5/264/0979153
|2 20
|
| 100 |
1 |
|
|a Bahre, Conrad J.
|
| 245 |
1 |
2 |
|a A legacy of change :
|b historic human impact on vegetation in the Arizona borderlands /
|c Conrad Joseph Bahre.
|
| 264 |
|
1 |
|a Tucson :
|b University of Arizona Press,
|c [1991]
|
| 264 |
|
4 |
|c ©1991
|
| 300 |
|
|
|a xviii, 231 pages :
|b illustrations, maps ;
|c 25 cm.
|
| 336 |
|
|
|a text
|b txt
|2 rdacontent
|
| 337 |
|
|
|a unmediated
|b n
|2 rdamedia
|
| 338 |
|
|
|a volume
|b nc
|2 rdacarrier
|
| 504 |
|
|
|a Includes bibliographical references (pages [197]-220) and index.
|
| 650 |
|
0 |
|a Nature
|x Effect of human beings on
|z Arizona.
|
| 650 |
|
0 |
|a Land use
|x Environmental aspects
|z Arizona.
|
| 650 |
|
0 |
|a Landscape assessment
|z Arizona.
|
| 650 |
|
0 |
|a Climatic changes
|z Arizona.
|
| 650 |
|
0 |
|a Vegetation dynamics
|z Arizona.
|
| 999 |
|
|
|a MARS
|
| 999 |
f |
f |
|s e54161dc-c767-3f30-916d-d2b7e6fe082b
|i 4da610f4-213a-376a-83f1-dce719dfc28e
|t 0
|
| 952 |
f |
f |
|p noncirc
|a Texas A&M University
|b College Station
|c Cushing Memorial Library & Archives
|d Cushing: Dykes (Does not check out)
|t 0
|e GF504.A6 B34 1991
|h Library of Congress classification
|i unmediated -- volume
|m A14851744244
|
| 998 |
f |
f |
|a GF504.A6 B34 1991
|t 0
|l Cushing: Dykes (Does not check out)
|